Producción ovina /

Guardado en:
Autor Principal: Ensminger, M. E.
Formato: Libro
Publicado: Buenos Aires : El Ateneo, 1973
Series:Biblioteca de Producción animal
Materias:
Etiquetas: Agregar Etiqueta
Sin Etiquetas, Sea el primero en etiquetar este registro!
LEADER 01592nam a22002535a 4500
001 CEM.cems015828
008 130507s1973##################000#0#####d
005 20210823200657.0
003 CEMS
245 1 0 |a Producción ovina /  |c M. E. Ensminger 
260 |a Buenos Aires :  |b El Ateneo,  |c 1973 
300 |a 566 p. 
490 0 |a Biblioteca de Producción animal 
505 0 |a Historia y desarrollo de la industria de los ovinos y caprinos -- Distribución, adaptación y futuro de la industria ovina -- Clasificación y razas de ovinos -- Fundación del rebaño -- Selección y juzgamiento de los ovinos -- Sistemas de producción ovina -- La cría de ovinos -- Principios de genétic ovina -- Algunos aspectos fisiológicos de la reproducción de ovinos -- Alimentación de los ovinos -- Manejo del ganado ovino -- Manejo de los ovinos en praderas naturales -- Edificios y equipo para el ganado ovino -- Sanidad ovina, prevención de enfermedades y control parasitario -- Comercialización y faenamiento de ovinos y corderos -- La carne ovina y de cordero y los subproductos de la faena -- Lana y mohair -- Glosario de términos laneros -- Caprinos -- Elección, preparación y exhibición de ovinos -- Aspectos comerciales de la producción ovina 
100 1 |a Ensminger, M. E. 
082 0 4 |a 636.3 
653 |a Ganadería 
653 |a Lana 
653 |a Mohair 
653 |a Ovinos-alimentación 
653 |a Ovinos-razas 
653 |a Ovinos 
859 |a CEMS  |b BIB. CEMS - Agricultura  |h 636.3  |i En78  |p A1873.13  |t Ej.2 
859 |a CEMS  |b BIB. CEMS - Agricultura  |h 636.3  |i En78  |p A7159.79  |t Ej.1  |v 1  |3 Vol. 1